| 000 | 00524nam a2200193 a 4500 | ||
|---|---|---|---|
| 001 | 1771297337482 | ||
| 003 | YourLibrary | ||
| 005 | 20260217083537.0 | ||
| 008 | 260217s2003##################000#0#eng## | ||
| 020 | _a9780415313872 | ||
| 082 | 0 | 4 |
_a330.01 _bHUT |
| 100 | 1 |
_aHutchison, T. W., _eauthor. |
|
| 245 | 1 | 0 | _aPositive Economics and Policy Objectives : |
| 260 |
_bPsychology Press, _c2003. |
||
| 300 | _a199 pages | ||
| 650 | 0 | _aBusiness & Economics. | |
| 942 | _cENGLISH | ||
| 040 |
_aYourLibrary _beng _cYourLibrary |
||
| 999 |
_c612852 _d612852 |
||